000 01028nam a2200229 a 4500
001 ASIN023036795X
005 20170105102927.0
008 131212s2012 xxu eng d
020 _a023036795X (paperback)
_c$38.00
020 _a9780230367951 (paperback)
040 _a0
082 _a332.152
_bMOS 2012
100 1 _aMoschella, Manuela.
245 1 0 _aGoverning risk :
_bthe imf and global financial crises /
_cManuela Moschella.
260 _a[S.l.] :
_bPalgrave Macmillan,
_c2012.
300 _a232 p. ;
_c22 cm.
490 1 _aInternational political economy series.
520 _aBy comparing the policies the international community requested the IMF to follow in the aftermath of the Mexican, Asian and subprime crises, the book traces the evolution of the international regulatory framework from an agent-centered constructivist perspective.
830 0 _aInternational political economy series.
856 4 0 _3Amazon.com
_uhttp://www.amazon.com/exec/obidos/ASIN/023036795X/chopaconline-20
942 _2ddc
_cBK
999 _c15856
_d15856